Prénoms dans la chanson "Le Jerk" de Thierry Hazard - Statistiques

Statistiques générales
  • Ce quiz a été pris 559 fois
  • Le résultat moyen est 7 sur 9
Statistiques - réponses
Réponse % Correct
Joséphine
94%
Roger
84%
Berthe
82%
Philibert
78%
Alphonse
77%
Gustave
68%
Arthur
67%
Olivia
66%
Dolly
59%
Aucun quiz correspondant
Distribution des résultats
% des personnes avec chaque résultat
Percentile par nombre de réponses
Votre historique - résultats
Vous n’avez pas pris ce quiz